000 00657nam a2200289Ia 4500
005 20260324122910.0
008 008 260324s9999 xx 000 0 eng d
020 _a9780429093647
037 _aEBOOK
040 _aCRL
040 _beng
040 _cCRL
041 _2eng
041 _aeng
084 _qCRL
100 _aNoureddine Benkeblia
245 0 _aOMICs Technologies
245 0 _bTools for Food Science
260 _bTaylor and Francis
260 _c2012
365 _a
365 _b480
856 _uhttp://www.taylorfrancis.com/books/9780429093647
942 _cEBOOK
999 _c1761318
_d1761318